000 01617cam a22001934a 4500
005 20250605163312.0
008 250528s ||||||||||||||||||||||||d
035 _a16425
020 _a9600210128
040 _aGR-AtMCL
_bgre
_dGR-AtMCL
_eAACR2
245 1 _aΗ Νέα Ευρωπαϊκή Οικονομία / Η Πολιτική και Οικονομική Διάσταση της Ολοκλήρωσης
260 _bΠαπαζήση,
_c1993
300 _a464
520 _aΠερίτεχνη ανάλυση της οικονομικής της ολοκλήρωσης - ενημερωμένη και διεισδυτική ανάλυση του προγράμματος της οικονομικής και νομισματικής ένωσης. Πρόλογος, Εισαγωγή, Οι Διακυμάνσεις της Ευρωπαϊκής Περιφερειακής Συνεργασίας, Μετά το 1992: Στόχοι και Προοπτικες, Από την Τελειωνακή Ένωση στην Εσωτερική Αγορά, Η Πολιτική Οικονομία της Ελευθέρωσης και της Ρύθμισης, Κοινωνική Πολιτική και Αγορά Εργασίας, Οικονομική και Νομισματική Ένωση, Περιφερειακή Πολιτική και Αναδιανομή, Η Εξωτερική Διάσταση, Η Πολιτική Οικονομία της Νέας Ευρώπης, Υστερόγραφο, Βιβλιογραφία.
700 1 _aΤσούκαλης Λουκάς
942 _cBK
999 _c1925
_d1925